|
|
|
|
| LEADER |
03400ncm a2200781 i 4500 |
| 001 |
nkc20182977745 |
| 003 |
CZ PrNK |
| 005 |
20180424093129.0 |
| 007 |
qu |
| 008 |
180202t20172017xr dfaeg nn b zxx |
| 015 |
|
|
|a cnb002977745
|
| 024 |
2 |
|
|a 979-0-2601-0728-1
|q (brožováno)
|
| 028 |
2 |
1 |
|a BA 9568
|b Bärenreiter
|
| 040 |
|
|
|a OLA001
|b cze
|d ABA001
|e rda
|
| 041 |
0 |
|
|g cze
|g eng
|g ger
|
| 043 |
|
|
|a e-xr---
|
| 045 |
|
|
|a w-x-
|
| 048 |
|
|
|a sc01
|a ka01
|
| 072 |
|
7 |
|a 786/789
|x Hudba pro jednotlivé nástroje
|2 Konspekt
|9 9
|
| 080 |
|
|
|a 785.7
|2 MRF
|
| 080 |
|
|
|a 78.085.088
|2 MRF
|
| 080 |
|
|
|a 785.72.088
|2 MRF
|
| 080 |
|
|
|a 78.085
|2 MRF
|
| 080 |
|
|
|a 785.72
|2 MRF
|
| 080 |
|
|
|a 78.088
|2 MRF
|
| 080 |
|
|
|a 78.089.6.087
|2 MRF
|
| 100 |
1 |
|
|a Dvořák, Antonín,
|d 1841-1904
|7 jn19981000826
|4 cmp
|
| 240 |
1 |
0 |
|a Slovanské tance,
|n op. 46;
|o aranžmá
|7 aun2006378011
|
| 245 |
1 |
0 |
|a Slovanské tance op. 46 :
|b v úpravě pro violoncello a klavír = Slavonic dances : arranged for violoncello and piano = Slawische Tänze : arrangiert für Violoncello und Klavier /
|c Dvořák ; upravil Jiří Gemrot ; prstoklady a smyky vypracoval Tomáš Jamník = arranged by Jiří Gemrot ; with fingering and bowing by Tomáš Jamník = bearbeitet von Jiří Gemrot ; eingerichtet von Tomáš Jamník
|
| 246 |
3 |
1 |
|a Slavonic dances
|
| 246 |
3 |
1 |
|a Slawische Tänze
|
| 264 |
|
1 |
|a Kassel ;
|a Basel ;
|a London ;
|a New York ;
|a Praha :
|b Bärenreiter,
|c 2017
|
| 264 |
|
4 |
|c ©2017
|
| 300 |
|
|
|a 1 partitura (vi, 60 stran) + 1 hlas ;
|c 31 cm
|
| 336 |
|
|
|a zápis hudby
|b ntm
|2 rdacontent
|
| 337 |
|
|
|a bez média
|b n
|2 rdamedia
|
| 338 |
|
|
|a svazek
|b nc
|2 rdacarrier
|
| 382 |
0 |
1 |
|a violoncello
|n 1
|a klavír
|n 1
|s 2
|
| 500 |
|
|
|a Předmluva anglicky, česky a německy, autorka Eva Velická
|
| 505 |
0 |
|
|a I. Presto -- II. Allegretto scherzando -- III. Allegretto -- IV. Tempo di minuetto -- V. Allegro vivace -- VI. Allegretto scherzando -- VII. Allegro assai -- VIII. Vivace
|
| 648 |
|
4 |
|a 1878
|
| 648 |
|
7 |
|a 19.-20. století
|7 ch757015
|2 czenas
|
| 648 |
|
4 |
|a 1878
|
| 650 |
0 |
7 |
|a komorní hudba
|7 ph121752
|z Česko
|y 19.-20. století
|2 czenas
|
| 650 |
0 |
7 |
|a stylizované tance, úpravy
|7 ph315278
|z Česko
|y 19.-20. století
|2 czenas
|
| 650 |
0 |
7 |
|a dua, úpravy
|7 ph312555
|2 czenas
|
| 650 |
0 |
9 |
|a stylized dance (music), arrangement
|z Czechia
|y 19th-20th centuries
|2 eczenas
|
| 650 |
0 |
9 |
|a stylized dance (music)
|z Czechia
|y 19th-20th centuries
|2 eczenas
|
| 650 |
0 |
9 |
|a duos, arrangement
|2 eczenas
|
| 655 |
|
7 |
|a komorní hudba
|7 fd979994
|2 czenas
|
| 655 |
|
7 |
|a stylizované tance
|7 fd994643
|2 czenas
|
| 655 |
|
7 |
|a dua
|7 fd979995
|2 czenas
|
| 655 |
|
7 |
|a aranžmá (hudba)
|7 fd980034
|2 czenas
|
| 655 |
|
7 |
|a partitury a hlasy
|7 fd186702
|2 czenas
|
| 655 |
|
9 |
|a stylized dance (music)
|2 eczenas
|
| 655 |
|
9 |
|a duos
|2 eczenas
|
| 655 |
|
9 |
|a arrangement (music)
|2 eczenas
|
| 655 |
|
9 |
|a scores and parts
|2 eczenas
|
| 700 |
1 |
|
|a Velická, Eva,
|d 1976-
|7 xx0053769
|4 wfw
|
| 700 |
1 |
|
|a Gemrot, Jiří,
|d 1957-
|7 jn20000400768
|4 arr
|
| 700 |
1 |
|
|a Jamník, Tomáš,
|d 1985-
|7 jx20071119005
|4 oth
|
| 910 |
2 |
|
|a BOA001
|b Mus4-1400.679
|
| 990 |
|
|
|a MU
|
| 995 |
|
|
|a 01
|
| 991 |
|
|
|b 201804
|c NOV
|
| 926 |
|
|
|a B. 83
|b op. 46
|
| 996 |
6 |
|
|b 2610739461
|c Mus4-1400.679
|l MZK
|r Sklad / do 1 hodiny
|n 0
|p p.v.
|w 001658134
|u 000010
|a 1
|e BOA001
|j MZK50
|s P
|
| 996 |
7 |
|
|b 2610741326
|c Mus4-1400.679
|l MZK
|r Sklad / do 1 hodiny
|n 1
|p kup
|w 001658134
|u 000020
|a 1
|e BOA001
|j MZK50
|s A
|